LEADER 01725nas 2200529-a 450 001 9910141565803321 005 20260218112139.0 011 $a1466-5328 035 $a(DE-599)ZDB2052056-6 035 $a(CKB)110975506072239 035 $a(CONSER)---00243320- 035 $a(DE-599)2052056-6 035 $a(EXLCZ)99110975506072239 100 $a20000317a20009999 --- - 101 0 $aeng 181 $ctxt$2rdacontent 182 $cc$2rdamedia 183 $acr$2rdacarrier 200 00$aCurrent issues in intestinal microbiology 210 $aWymondham, Norfolk, UK $cHorizon Scientific Press$dİ2000- 215 $a1 online resource 300 $aRefereed/Peer-reviewed 300 $aTitle from cover. 311 08$aPrint version: Current issues in intestinal microbiology. 1466-531X (DLC) 00243320 (OCoLC)44601009 517 3 $aIntestinal microbiology 517 1 $aCIIM 531 $aCURR ISSUES INTESTINAL MICROBIOL 531 $aCURR ISSUES INTEST MICROBIOL 531 10$aCurr Issues Intest Microbiol 606 $aIntestines$xMicrobiology$vPeriodicals 606 $aMicrobiology$vPeriodicals 606 $aIntestines$xMicrobiology$2fast$3(OCoLC)fst00977690 606 $aMicrobiology$2fast$3(OCoLC)fst01019576 606 $aIntestines$xmicrobiology 608 $aPeriodicals.$2fast 608 $aPeriodical. 615 0$aIntestines$xMicrobiology 615 0$aMicrobiology 615 7$aIntestines$xMicrobiology. 615 7$aMicrobiology. 615 12$aIntestines$xmicrobiology. 676 $a612.33 906 $aJOURNAL 912 $a9910141565803321 920 $aexl_impl conversion 996 $aCurrent issues in intestinal microbiology$92021693 997 $aUNINA LEADER 04376oas 2201585 a 450 001 9910133146803321 005 20260312213014.0 011 $a2044-8422 035 $a(DE-599)ZDB2590466-8 035 $a(DE-599)2590466-8 035 $a(OCoLC)776095294 035 $a(CONSER) 49005171 035 $a(CKB)110978977971656 035 $a(EXLCZ)99110978977971656 100 $a20120212a19489999 uy 101 0 $aeng 135 $aur||||||||||| 181 $ctxt$2rdacontent 182 $cc$2rdamedia 183 $acr$2rdacarrier 200 00$aCurrent Legal Problems 210 1$aLondon :$cStevens & Sons,$d1948- 210 21$aLondon :$aSweet & Maxwell 210 31$aOxford, UK :$cOxford University Press 215 $a1 online resource 300 $a"On behalf of the Faculty of Laws, University College London." 311 08$aPrint version: Current legal problems. 0070-1998 (DLC) 49005171 (OCoLC)1565648 330 8 $aThe Current Legal Problems (CLP) annual volume is published on behalf of University College London, Faculty of Laws. It is based on the Faculty's annual lecture series that was established over sixty years ago. The lectures are public, delivered on a weekly basis and chaired by members of the judiciary. CLP features scholarly articles that offer a critical analysis of important current legal issues. It covers all areas of legal scholarship and features a wide range of methodological approaches to law. With its emphasis on contemporary developments, CLP is a major point of reference for legal scholarship. 517 1 $aCLP 606 $aLaw$vPeriodicals 606 $aLaw$zGreat Britain$vPeriodicals 606 $aDroit$zGrande-Bretagne$vPe?riodiques 606 $aDroit$vPe?riodiques 606 $aUE/CE Droit$2eclas 606 $aUE/CE Etats membres$2eclas 606 $aDroit$2eclas 606 $aAspects juridiques$2eclas 606 $aAnnuaires$2eclas 606 $aLaw$2fast 606 $aRecht$2gtt 606 $aCommon law$2gtt 606 $aLaw$xPeriodicals$2nli 606 $aAdvice and Rights$2ukslc 606 $aLAW$2unbist 606 $aUNITED KINGDOM$2unbist 607 $aRoyaume-Uni$2eclas 607 $aGreat Britain$2fast$1https://id.oclc.org/worldcat/entity/E39PBJdmp7p3cx8hpmJ8HvmTpP 608 $aLaw. 608 $aperiodicals.$2aat 608 $aPeriodicals$2fast 608 $aPeriodicals.$2lcgft 608 $aPe?riodiques.$2rvmgf 615 0$aLaw 615 0$aLaw 615 6$aDroit 615 6$aDroit 615 7$aUE/CE Droit. 615 7$aUE/CE Etats membres. 615 7$aDroit. 615 7$aAspects juridiques. 615 7$aAnnuaires. 615 7$aLaw 615 17$aRecht. 615 17$aCommon law. 615 7$aLaw$xPeriodicals. 615 7$aAdvice and Rights. 615 17$aLAW. 615 17$aUNITED KINGDOM. 676 $a340/.05 686 $aK1.C88$qUkBrU-I$2moys 712 02$aUniversity College, London.$bFaculty of Laws, 801 0$bOCLCE 801 1$bOCLCE 801 2$bZ5A 801 2$bLHU 801 2$bOCLCO 801 2$bOCLCQ 801 2$bUCILW 801 2$bOCLCF 801 2$bGPM 801 2$bTXA 801 2$bCUD 801 2$bOCL 801 2$bOCLCQ 801 2$bDEFHM 801 2$bFIE 801 2$bCUY 801 2$bSTBDS 801 2$bRCE 801 2$bNLE 801 2$bOCLCQ 801 2$bU3W 801 2$bOCLCQ 801 2$bTXQ 801 2$bVT2 801 2$bOCLCQ 801 2$bUKMGB 801 2$bWYU 801 2$bLEAUB 801 2$bOCLCQ 801 2$bUAB 801 2$bLIP 801 2$bUEJ 801 2$bUKSSU 801 2$bOCLCQ 801 2$bSXB 801 2$bUK7LJ 801 2$bHS0 801 2$bUWK 801 2$bHQ1 801 2$bLHT 801 2$bEUN 801 2$bOCLCQ 801 2$bS2H 801 2$bOCLCO 801 2$bSFB 801 2$bOCLCO 801 2$bOCL 801 2$bOCLCQ 801 2$bAUD 801 2$bOCLCQ 801 2$bOCLCO 801 2$bOCLCL 801 2$bOCLCQ 801 2$bOCLCL 801 2$bOCLCQ 801 2$bOCLCL 801 2$bOCLCQ 801 2$bBO@ 801 2$bOCLCQ 801 2$bUBY 906 $aJOURNAL 912 $a9910133146803321 996 $aCurrent legal problems$9797551 997 $aUNINA